[Event "Mittelfranken Landesliga Sued 2223"]
[Site "Mittelfranken"]
[Date "2023.02.05"]
[Round "6.4"]
[White "Kornitzky, Tino"]
[Black "Wehr, Stephan"]
[Result "1/2-1/2"]
[WhiteElo "2160"]
[BlackElo "1987"]
[PlyCount "129"]
[EventDate "2022.10.09"]
[EventType "team-tourn"]
[EventRounds "9"]
[EventCountry "GER"]
[SourceTitle "EXT 2024"]
[Source "ChessBase"]
[SourceDate "2023.10.10"]
[SourceVersion "1"]
[SourceVersionDate "2023.10.10"]
[SourceQuality "1"]
[WhiteTeam "Bayern Muenchen III"]
[BlackTeam "Starnberg"]
[WhiteTeamCountry "GER"]
[BlackTeamCountry "GER"]

1. d4 Nf6 2. c4 e6 3. g3 d5 4. Bg2 Be7 5. Nf3 0-0 6. 0-0 Nbd7 7. Nbd2 c6 8. Qc2 b6 9. e4 dxe4 10. Nxe4 Nxe4 11. Qxe4 Bb7 12. Ne5 Nxe5 13. dxe5 Rb8 14. Qe2 c5 15. Bd2 Bxg2 16. Kxg2 Qc7 17. a4 a5 18. Bc3 Rfd8 19. f4 Qb7+ 20. Kh3 g6 21. g4 Rd7 22. f5 exf5 23. gxf5 Rbd8 24. Rf3 Bf8 25. Raf1 Qc6 26. e6 fxe6 27. Qe5 exf5 28. Qh8+ Kf7 29. Qxh7+ Ke8 30. Re3+ Re7 31. Rfe1 Rdd7 32. Qh8 Kf7 33. Qh7+ Ke8 34. Qg8 Rxe3+ 35. Rxe3+ Re7 36. Rg3 f4 37. Qxg6+ Qxg6 38. Rxg6 Re4 39. Rxb6 Rxc4 40. Kg4 Rxa4 41. Kf3 Be7 42. Rh6 Kf7 43. Rh7+ Ke6 44. h4 Bd6 45. Rh6+ Kd5 46. Rg6 Ra1 47. h5 Rh1 48. h6 Rh3+ 49. Kg2 Rh5 50. Bg7 Be5 51. Kf3 Rh3+ 52. Kg4 Rg3+ 53. Kf5 Rxg6 54. Kxg6 f3 55. Bxe5 f2 56. h7 f1Q 57. h8Q Qd3+ 58. Kg5 Qe3+ 59. Bf4 Qg1+ 60. Kh6 Qh1+ 61. Kg7 Qxh8+ 62. Kxh8 Kc4 63. Kg7 Kb3 64. Be5 a4 65. Kf6 1/2-1/2

[Event "Mittelfranken Landesliga Sued 2223"]
[Site "Mittelfranken"]
[Date "2023.01.15"]
[Round "5.4"]
[White "Dehlinger, Alexander"]
[Black "Wehr, Stephan"]
[Result "1-0"]
[WhiteElo "2283"]
[BlackElo "1987"]
[PlyCount "99"]
[EventDate "2022.10.09"]
[EventType "team-tourn"]
[EventRounds "9"]
[EventCountry "GER"]
[SourceTitle "EXT 2024"]
[Source "ChessBase"]
[SourceDate "2023.10.10"]
[SourceVersion "1"]
[SourceVersionDate "2023.10.10"]
[SourceQuality "1"]
[WhiteTeam "Garching II"]
[BlackTeam "Starnberg"]
[WhiteTeamCountry "GER"]
[BlackTeamCountry "GER"]

1. Nf3 Nf6 2. c4 e6 3. Nc3 Bb4 4. Qc2 0-0 5. a3 Bxc3 6. Qxc3 d6 7. g3 e5 8. Bg2 Nc6 9. 0-0 h6 10. b4 Bg4 11. h3 Be6 12. Bb2 Qd7 13. Kh2 Ne4 14. Qc2 Bf5 15. d3 Ng5 16. b5 Nd8 17. Ng1 Nge6 18. f4 f6 19. a4 g5 20. g4 Bh7 21. f5 Nc5 22. e3 e4 23. d4 Nd3 24. Bxe4 Nxb2 25. Qxb2 Re8 26. Bd5+ Kg7 27. Qf2 c6 28. Bf3 Bg8 29. Rfc1 d5 30. cxd5 Bxd5 31. Rc5 Bxf3 32. Qxf3 Qe7 33. Ra3 Rb8 34. Ne2 cxb5 35. axb5 b6 36. Rcc3 Nf7 37. Ng3 Nd6 38. Qd5 Rbd8 39. Ra2 Nb7 40. Qe6 Nd6 41. Nh5+ Kf8 42. Qxf6+ Qxf6 43. Nxf6 Re7 44. Nd5 Nxb5 45. Nxe7 Nxc3 46. Rxa7 Ne4 47. Ng6+ Kg8 48. Re7 Nd6 49. f6 b5 50. Rg7# 1-0

[Event "Mittelfranken Landesliga Sued 2223"]
[Site "Mittelfranken"]
[Date "2022.11.27"]
[Round "3.5"]
[White "Wehr, Stephan"]
[Black "Lavrinenkov, Vadim"]
[Result "1/2-1/2"]
[WhiteElo "1987"]
[BlackElo "2281"]
[PlyCount "171"]
[EventDate "2022.10.09"]
[EventType "team-tourn"]
[EventRounds "9"]
[EventCountry "GER"]
[SourceTitle "EXT 2024"]
[Source "ChessBase"]
[SourceDate "2023.10.10"]
[SourceVersion "1"]
[SourceVersionDate "2023.10.10"]
[SourceQuality "1"]
[WhiteTeam "Starnberg"]
[BlackTeam "Augsburg SF"]
[WhiteTeamCountry "GER"]
[BlackTeamCountry "GER"]

1. Nf3 d5 2. c4 d4 3. e3 Nc6 4. exd4 Nxd4 5. Nxd4 Qxd4 6. Nc3 c6 7. d3 Nh6 8. Be3 Qd8 9. d4 Nf5 10. Be2 g6 11. Qd2 Bg7 12. Rd1 0-0 13. 0-0 Qa5 14. Ne4 Qxd2 15. Rxd2 b6 16. Rfd1 Rd8 17. Ng3 Nxe3 18. fxe3 Ba6 19. b3 Rac8 20. Bf3 Kf8 21. Kf2 Bb7 22. Ne2 Rc7 23. Nf4 e5 24. dxe5 Rxd2+ 25. Rxd2 Bxe5 26. g3 Ke7 27. Nd3 Rd7 28. Ke2 Bg7 29. Nb4 Rxd2+ 30. Kxd2 Kd6 31. Nd3 Bc8 32. Nf4 Bf5 33. Nd3 a5 34. Ke2 Bc3 35. g4 Bd7 36. Nf2 Be5 37. Ne4+ Ke7 38. h3 h6 39. Kd3 f5 40. Nf2 Bg3 41. Nd1 Be5 42. Nf2 Kf6 43. Ke2 Kg5 44. gxf5 gxf5 45. Nd3 Bd6 46. Kf2 Kh4 47. Kg2 f4 48. Nxf4 Bxf4 49. exf4 Bxh3+ 50. Kf2 c5 51. Bd1 Bf5 52. Kg2 Bb1 53. Kf3 Bf5 54. Kf2 Bg6 55. Kg2 h5 56. Kf2 Kh3 57. f5 Bxf5 58. Bxh5 Bb1 59. Ke3 Bxa2 60. Bd1 Kg3 61. Kd3 Bb1+ 62. Kc3 Kf4 63. Bh5 Be4 64. Be8 Ke3 65. Bh5 Bf3 66. Bg6 Bg2 67. Bh5 Bf1 68. Bg4 Kf2 69. Bh5 Ke1 70. Bg4 Be2 71. Bf5 Kd1 72. Bg6 Kc1 73. Bf5 Bf3 74. Bg6 Bg4 75. Be4 Be6 76. Bd3 Bf7 77. Be4 Be8 78. Bd3 Bc6 79. Bf5 b5 80. cxb5 Bxb5 81. Be4 Be2 82. Bc2 Bd1 83. Bd3 Bxb3 84. Kxb3 c4+ 85. Bxc4 a4+ 86. Kxa4 1/2-1/2

[Event "Mittelfranken Landesliga Sued 2223"]
[Site "Mittelfranken"]
[Date "2022.10.23"]
[Round "2.4"]
[White "Wehr, Stephan"]
[Black "Foerch, Benedikt"]
[Result "1/2-1/2"]
[WhiteElo "1987"]
[BlackElo "2105"]
[PlyCount "103"]
[EventDate "2022.10.09"]
[EventType "team-tourn"]
[EventRounds "9"]
[EventCountry "GER"]
[SourceTitle "EXT 2024"]
[Source "ChessBase"]
[SourceDate "2023.10.10"]
[SourceVersion "1"]
[SourceVersionDate "2023.10.10"]
[SourceQuality "1"]
[WhiteTeam "Starnberg"]
[BlackTeam "Neuburg"]
[WhiteTeamCountry "GER"]
[BlackTeamCountry "GER"]

1. Nf3 Nf6 2. g3 g6 3. Bg2 Bg7 4. 0-0 0-0 5. c4 c5 6. Nc3 d5 7. cxd5 Nxd5 8. Nxd5 Qxd5 9. d3 Nc6 10. Be3 Bxb2 11. Rb1 Bg7 12. Nd4 Qxa2 13. Nxc6 bxc6 14. Bxc5 Bg4 15. f3 Be6 16. d4 Rfd8 17. e3 Rd7 18. Rf2 Qa6 19. Rfb2 Qc8 20. Qa4 h5 21. Bf1 Rc7 22. Ba6 Qd7 23. Rb7 h4 24. Rxc7 Qxc7 25. Rb7 Qd8 26. Bxe7 Qd5 27. Kf2 hxg3+ 28. hxg3 Bc8 29. Rc7 Bxa6 30. Qxa6 Rb8 31. Rc8+ Rxc8 32. Qxc8+ Kh7 33. Qh3+ Kg8 34. Qc8+ Kh7 35. Qh3+ Qh5 36. Qxh5+ gxh5 37. Ke2 Kg6 38. Kd3 Kf5 39. Kc4 Ke6 40. Bc5 a6 41. Kb4 f5 42. Ka5 Bh6 43. Kxa6 Kd7 44. Kb7 Bg5 45. f4 Bd8 46. Bb6 h4 47. gxh4 Bxh4 48. d5 cxd5 49. Bd4 Bd8 50. Bc5 Ba5 51. Bd4 Be1 52. Kb6 1/2-1/2

[Event "Mittelfrank Regionalliga Sud-Ost 2122"]
[Site "Mittelfranken"]
[Date "2022.05.15"]
[Round "5.4"]
[White "Astner, Sebastian"]
[Black "Wehr, Stephan"]
[Result "1/2-1/2"]
[WhiteElo "1939"]
[BlackElo "2037"]
[PlyCount "79"]
[EventDate "2021.10.24"]
[EventType "team-tourn"]
[EventRounds "9"]
[EventCountry "GER"]
[SourceTitle "EXT 2024"]
[Source "ChessBase"]
[SourceDate "2023.10.10"]
[SourceVersion "1"]
[SourceVersionDate "2023.10.10"]
[SourceQuality "1"]
[WhiteTeam "Ergolding"]
[BlackTeam "Starnberg"]
[WhiteTeamCountry "GER"]
[BlackTeamCountry "GER"]

1. e4 c5 2. Nc3 e6 3. f4 Nc6 4. Nf3 d6 5. Bb5 Bd7 6. 0-0 Nf6 7. d3 a6 8. Bxc6 Bxc6 9. Qe1 Be7 10. Qg3 0-0 11. f5 exf5 12. exf5 Kh8 13. Bd2 b5 14. Rae1 b4 15. Ne4 Nxe4 16. dxe4 Bf6 17. Bf4 Re8 18. Bxd6 Bxe4 19. Ne5 Bd5 20. Rd1 Bxe5 21. Bxe5 f6 22. Bc7 Qd7 23. Rf2 Rac8 24. Rfd2 Rxc7 25. Rxd5 Qe7 26. Qd3 a5 27. Rd8 Kg8 28. Kf2 c4 29. Qd5+ Kf8 30. Rxe8+ Qxe8 31. Re1 Qc8 32. g4 Rd7 33. Qxa5 Rd2+ 34. Re2 Rxe2+ 35. Kxe2 Qe8+ 36. Kf2 Qe4 37. Qxb4+ Kf7 38. Qd2 Qxg4 39. Qd7+ Kf8 40. Qd8+ 1/2-1/2

[Event "Oberbayern Bezirksliga 1718"]
[Site "Germany"]
[Date "2018.03.18"]
[Round "8.6"]
[White "Wehr, Stephan"]
[Black "Kranewitter, Norbert"]
[Result "1-0"]
[WhiteElo "2000"]
[BlackElo "2006"]
[PlyCount "73"]
[EventDate "2017.10.22"]
[EventType "team-tourn"]
[EventRounds "9"]
[EventCountry "GER"]
[SourceTitle "EXT 2019"]
[Source "ChessBase"]
[SourceDate "2018.10.10"]
[SourceVersion "1"]
[SourceVersionDate "2018.10.10"]
[SourceQuality "1"]
[WhiteTeam "Starnberg II"]
[BlackTeam "Pang/Rosenheim II"]
[WhiteTeamCountry "GER"]
[BlackTeamCountry "GER"]

1. Nf3 Nf6 2. g3 d5 3. Bg2 Bf5 4. 0-0 h6 5. c4 c6 6. cxd5 cxd5 7. Qb3 Qb6 8. Qxb6 axb6 9. Nc3 e6 10. d3 Nbd7 11. Nb5 Rc8 12. Bf4 g5 13. Nd6+ Bxd6 14. Bxd6 Nb8 15. Ne5 Nc6 16. Rac1 Nd7 17. e4 dxe4 18. dxe4 Bh7 19. Nxc6 bxc6 20. e5 c5 21. Bb7 Rd8 22. Bc7 0-0 23. Rfd1 c4 24. Rd6 Nc5 25. Rxd8 Nxb7 26. Rxf8+ Kxf8 27. Bxb6 Bd3 28. a4 Ke7 29. a5 Nd8 30. Bxd8+ Kxd8 31. Rd1 Kc7 32. Rxd3 cxd3 33. Kf1 Kc6 34. Ke1 Kb5 35. b4 Kxb4 36. a6 Kc3 37. Kd1 1-0

[Event "Regionalliga SO 0708"]
[Site "Bayern"]
[Date "2008.04.06"]
[Round "8.5"]
[White "Wehr, Stephan"]
[Black "Bauer, Frank"]
[Result "0-1"]
[WhiteElo "2010"]
[BlackElo "1928"]
[PlyCount "104"]
[EventDate "2007.10.21"]
[EventType "team-tourn"]
[EventRounds "9"]
[EventCountry "GER"]
[SourceTitle "EXT 2009"]
[Source "ChessBase"]
[SourceDate "2008.11.26"]
[SourceVersion "1"]
[SourceVersionDate "2008.11.26"]
[SourceQuality "1"]
[WhiteTeam "Starnberg"]
[BlackTeam "Ebersberg"]
[WhiteTeamCountry "GER"]
[BlackTeamCountry "GER"]

1. Nf3 Nf6 2. g3 g6 3. Bg2 Bg7 4. 0-0 0-0 5. c4 d6 6. Nc3 e5 7. d3 Nbd7 8. Rb1 Nh5 9. Bg5 f6 10. Bd2 f5 11. b4 h6 12. Ne1 f4 13. e3 fxe3 14. fxe3 Rxf1+ 15. Bxf1 Nhf6 16. Bg2 Nf8 17. Nd5 Ne6 18. Bc3 Ng5 19. Nxf6+ Qxf6 20. Bd5+ Kh7 21. Nf3 c6 22. Nxg5+ Qxg5 23. Be4 Qxe3+ 24. Kg2 Bf5 25. Qf3 Qxf3+ 26. Kxf3 Rf8 27. Kg2 h5 28. Bd2 Bh6 29. Bxh6 Kxh6 30. b5 cxb5 31. Rxb5 Bxe4+ 32. dxe4 b6 33. Rd5 Rc8 34. Rxd6 Rxc4 35. Rd7 Ra4 36. Re7 Rxa2+ 37. Kf3 Ra3+ 38. Ke2 Ra2+ 39. Kf3 b5 40. Rxe5 b4 41. Rb5 a5 42. h4 Ra3+ 43. Kf4 b3 44. Ke5 a4 45. Ke6 Ra2 46. Rb4 Re2 47. Kf7 b2 48. Rb6 Rf2+ 49. Kg8 Rc2 50. e5 a3 51. Rb7 Rc8+ 52. Kf7 a2 0-1

[Event "Landesliga Sued 0607"]
[Site "Bayern"]
[Date "2007.04.01"]
[Round "8.7"]
[White "Wehr, Stephan"]
[Black "Albeker, Mark"]
[Result "1/2-1/2"]
[WhiteElo "2012"]
[BlackElo "2119"]
[PlyCount "113"]
[EventDate "2006.10.15"]
[EventType "team-tourn"]
[EventRounds "9"]
[EventCountry "GER"]
[SourceTitle "EXT 2008"]
[Source "ChessBase"]
[SourceDate "2007.11.25"]
[SourceVersion "1"]
[SourceVersionDate "2007.11.25"]
[SourceQuality "1"]
[WhiteTeam "Starnberg"]
[BlackTeam "Haunstetten"]
[WhiteTeamCountry "GER"]
[BlackTeamCountry "GER"]

1. Nf3 Nf6 2. g3 g6 3. Bg2 Bg7 4. 0-0 0-0 5. c4 c5 6. Nc3 Nc6 7. d3 d6 8. a3 a5 9. Rb1 e5 10. Bg5 h6 11. Bxf6 Bxf6 12. Ne1 Bg7 13. Nc2 f5 14. b4 axb4 15. axb4 cxb4 16. Nd5 f4 17. Ncxb4 Nd4 18. Nc2 fxg3 19. hxg3 Ra2 20. Ndb4 Ra7 21. Nxd4 exd4 22. Bd5+ Kh7 23. Kg2 Qg5 24. Nc2 Be5 25. Ne1 Qg4 26. Rh1 Rxf2+ 27. Kxf2 Bxg3+ 28. Kf1 Qf4+ 29. Nf3 Qe3 30. Ng5+ Qxg5 31. Qc1 Bf4 32. Qe1 Bg3 33. Qc1 Qf6+ 34. Bf3 g5 35. Kg2 Bf4 36. Qf1 Kg7 37. Be4 Bg4 38. Rxb7+ Rxb7 39. Bxb7 h5 40. Bf3 Qf5 41. Qf2 Be3 42. Qg3 Bxf3+ 43. Qxf3 Qxf3+ 44. exf3 Kg6 45. Rb1 Bf4 46. Rb8 Be5 47. Rf8 Kg7 48. Rc8 Kg6 49. Rf8 Kg7 50. Ra8 Kg6 51. Ra1 Kf5 52. Rh1 Kg6 53. Re1 Kf5 54. Re2 Kf6 55. Re4 Kf5 56. Kh3 Kf6 57. Kg2 1/2-1/2

[Event "Landesliga Sued 0607"]
[Site "Bayern"]
[Date "2007.02.25"]
[Round "6.8"]
[White "Wehr, Stephan"]
[Black "Ebenhoech, Daniel"]
[Result "0-1"]
[WhiteElo "2012"]
[BlackElo "2003"]
[PlyCount "70"]
[EventDate "2006.10.15"]
[EventType "team-tourn"]
[EventRounds "9"]
[EventCountry "GER"]
[SourceTitle "EXT 2008"]
[Source "ChessBase"]
[SourceDate "2007.11.25"]
[SourceVersion "1"]
[SourceVersionDate "2007.11.25"]
[SourceQuality "1"]
[WhiteTeam "Starnberg"]
[BlackTeam "Ingolstadt"]
[WhiteTeamCountry "GER"]
[BlackTeamCountry "GER"]

1. e4 c5 2. Nf3 d6 3. d4 cxd4 4. Nxd4 Nf6 5. Nc3 a6 6. f4 e5 7. Nf3 Nbd7 8. a4 Be7 9. Bc4 Qa5 10. Bd2 exf4 11. Qe2 Qc5 12. Bxf4 0-0 13. Be3 Qb4 14. 0-0 Qxb2 15. Bd4 Qb4 16. Nd5 Nxd5 17. Bxd5 Bf6 18. c3 Bxd4+ 19. cxd4 Nf6 20. Rfb1 Qc3 21. Rc1 Qa5 22. Qc4 Nxd5 23. Qxd5 Qxd5 24. exd5 Rb8 25. Nd2 b5 26. Rc6 b4 27. Rb1 Rd8 28. Nc4 Bf5 29. Rb2 Bd3 30. Nxd6 b3 31. a5 h6 32. Kf2 Rb4 33. Ke3 Bc2 34. Rxa6 Ra4 35. Kd2 Ra2 0-1

[Event "Regionalliga SO 0506"]
[Site "Bayern"]
[Date "2005.11.13"]
[Round "2.6"]
[White "Gruentaler, Gerhard"]
[Black "Wehr, Stephan"]
[Result "1/2-1/2"]
[WhiteElo "2069"]
[BlackElo "1990"]
[PlyCount "114"]
[EventDate "2005.10.23"]
[EventType "team-tourn"]
[EventRounds "9"]
[EventCountry "GER"]
[SourceTitle "EXT 2007"]
[Source "ChessBase"]
[SourceDate "2006.11.23"]
[SourceVersion "1"]
[SourceVersionDate "2006.11.23"]
[SourceQuality "1"]
[WhiteTeam "Ilmmuenster"]
[BlackTeam "Starnberg SC"]
[WhiteTeamCountry "GER"]
[BlackTeamCountry "GER"]

1. d4 Nf6 2. Nc3 g6 3. e4 d6 4. Be3 c6 5. Qd2 Ng4 6. Bg5 h6 7. Bh4 Bg7 8. Nf3 0-0 9. Nd1 Qc7 10. Bd3 e5 11. h3 Nf6 12. dxe5 dxe5 13. Bxf6 Bxf6 14. Qxh6 Qe7 15. c3 Bg7 16. Qg5 Qxg5 17. Nxg5 Bh6 18. Nf3 Nd7 19. Ke2 f6 20. Ne3 Nc5 21. Bc2 Be6 22. b4 Na6 23. Bb3 Nc7 24. Rhd1 Bxe3 25. Kxe3 Rfd8 26. Bxe6+ Nxe6 27. g3 Kf7 28. Rd2 Rxd2 29. Nxd2 a5 30. bxa5 Rxa5 31. Nc4 Rc5 32. Kd3 Ng5 33. Re1 Nxh3 34. Re2 Ke7 35. a4 b5 36. axb5 Rxb5 37. Ra2 Rb7 38. f3 Ng5 39. Rh2 Ke6 40. f4 exf4 41. gxf4 Nf7 42. Ke3 Rb1 43. Nd2 Rc1 44. Kd3 g5 45. Nb3 Rd1+ 46. Ke2 Rb1 47. Nd4+ Kd6 48. Rh7 Nd8 49. fxg5 fxg5 50. Rg7 c5 51. Rxg5 cxd4 52. cxd4 Rb3 53. Rg6+ Ke7 54. d5 Nf7 55. Ra6 Rh3 56. Rg6 Ra3 57. Rb6 Rh3 1/2-1/2

[Event "Regionalliga SO 0405"]
[Site "Bayern"]
[Date "2004.11.28"]
[Round "3.7"]
[White "Wehr, Stephan"]
[Black "Baumer, Christian"]
[Result "1/2-1/2"]
[WhiteElo "2016"]
[BlackElo "1829"]
[PlyCount "84"]
[EventDate "2004.10.24"]
[EventType "team-tourn"]
[EventRounds "9"]
[EventCountry "GER"]
[SourceTitle "EXT 2007"]
[Source "ChessBase"]
[SourceDate "2006.11.23"]
[SourceVersion "1"]
[SourceVersionDate "2006.11.23"]
[SourceQuality "1"]
[WhiteTeam "Starnberg"]
[BlackTeam "Dorfen PSV"]
[WhiteTeamCountry "GER"]
[BlackTeamCountry "GER"]

1. e4 e5 2. Nf3 Nf6 3. Nxe5 d6 4. Nf3 Nxe4 5. d4 d5 6. Bd3 Nc6 7. 0-0 Be7 8. Re1 Bf5 9. Nc3 Nxc3 10. bxc3 Bxd3 11. Qxd3 0-0 12. Bf4 Qd7 13. Re3 Rfe8 14. Rae1 Nd8 15. Ng5 g6 16. Qe2 Nc6 17. h4 h5 18. Nf3 f6 19. c4 Kf7 20. cxd5 Qxd5 21. Bxc7 Rac8 22. c4 Qd7 23. Bg3 Bb4 24. Rxe8 Rxe8 25. Qxe8+ Qxe8 26. Rxe8 Kxe8 27. Bf4 Ba3 28. Bd2 Nb4 29. Bxb4 Bxb4 30. Kf1 Kd7 31. Ke2 Ke6 32. Kd3 Be7 33. Ke4 b6 34. g3 Bb4 35. Ng1 Be7 36. Ne2 g5 37. d5+ Kd6 38. Kf5 b5 39. cxb5 Kxd5 40. a4 Kc4 41. Kg6 Kb4 42. Nd4 Bc5 1/2-1/2

[Event "Regionalliga SO 0304"]
[Site "Bayern"]
[Date "2003.12.14"]
[Round "4.4"]
[White "Wehr, Stephan"]
[Black "Reischl, Markus"]
[Result "1/2-1/2"]
[WhiteElo "2125"]
[BlackElo "2062"]
[PlyCount "97"]
[EventDate "2003.10.??"]
[EventType "team-tourn"]
[EventRounds "9"]
[EventCountry "GER"]
[SourceTitle "EXT 2006"]
[Source "ChessBase"]
[SourceDate "2005.11.24"]
[SourceVersion "1"]
[SourceVersionDate "2005.11.24"]
[SourceQuality "1"]
[WhiteTeam "Starnberg"]
[BlackTeam "Ilmmuenster"]
[WhiteTeamCountry "GER"]
[BlackTeamCountry "GER"]

1. Nf3 Nf6 2. g3 c5 3. c4 d5 4. cxd5 Nxd5 5. Nc3 Nc6 6. Bg2 Nc7 7. 0-0 e5 8. d3 Be7 9. a3 0-0 10. Rb1 f6 11. Be3 Rb8 12. Nd2 Nd4 13. b4 b6 14. bxc5 Bxc5 15. a4 Be6 16. Nde4 Be7 17. Nb5 Ncxb5 18. axb5 Qd7 19. Bxd4 exd4 20. Qa4 Rfc8 21. Rfc1 a5 22. Nd2 Bc5 23. Nc4 Bd5 24. Bxd5+ Qxd5 25. Rc2 Qe6 26. Rbc1 Bb4 27. e4 Bc3 28. Ne3 dxe3 29. Rxc3 Rxc3 30. Rxc3 exf2+ 31. Kxf2 Rc8 32. Rc6 Rxc6 33. bxc6 Qc8 34. c7 Kf8 35. Qc6 b5 36. Qb6 Ke7 37. Qxa5 Qb7 38. Qc3 Kd7 39. c8Q+ Qxc8 40. Qxc8+ Kxc8 41. Ke3 Kd7 42. Kd4 Kd6 43. g4 g6 44. Kc3 Ke5 45. Kb4 Kd4 46. Kxb5 g5 47. Kc6 Kxd3 48. Kd5 Ke3 49. Ke6 1/2-1/2

[Event "Regionalliga SO 0304"]
[Site "Bayern"]
[Date "2003.10.12"]
[Round "1.4"]
[White "Wehr, Stephan"]
[Black "Moser, Wolfgang"]
[Result "0-1"]
[WhiteElo "2125"]
[BlackElo "2020"]
[PlyCount "80"]
[EventDate "2003.10.??"]
[EventType "team-tourn"]
[EventRounds "9"]
[EventCountry "GER"]
[SourceTitle "EXT 2006"]
[Source "ChessBase"]
[SourceDate "2005.11.24"]
[SourceVersion "1"]
[SourceVersionDate "2005.11.24"]
[SourceQuality "1"]
[WhiteTeam "Starnberg"]
[BlackTeam "Trostberg"]
[WhiteTeamCountry "GER"]
[BlackTeamCountry "GER"]

1. e4 c5 2. Nf3 d6 3. d4 cxd4 4. Nxd4 Nf6 5. Nc3 a6 6. f4 e6 7. Be2 Be7 8. 0-0 0-0 9. Be3 Qc7 10. Qe1 b5 11. a3 Bb7 12. Bf3 Nbd7 13. Kh1 Nb6 14. Rd1 Nc4 15. Bc1 Rac8 16. Rd3 Rfe8 17. Qg3 Kh8 18. Re1 Rg8 19. Qh3 Nd7 20. b3 Ncb6 21. Bb2 Bf6 22. Re2 Nc5 23. Rdd2 Rcd8 24. g4 g6 25. Bg2 e5 26. Nf3 Ne6 27. f5 Nf4 28. Qh6 Nd7 29. g5 Bg7 30. Qh4 gxf5 31. exf5 f6 32. g6 h6 33. Rf2 Rgf8 34. Ne2 Nxg2 35. Kxg2 e4 36. Nf4 exf3+ 37. Kh3 Qc5 38. Qh5 Be4 39. Nd5 Bxd5 40. Rxd5 Qxf2 0-1

[Event "Landesliga Sued 9899"]
[Site "Bayern"]
[Date "1999.04.11"]
[Round "7.3"]
[White "Kempter, Ronald"]
[Black "Wehr, Stephan"]
[Result "1-0"]
[WhiteElo "2155"]
[BlackElo "2135"]
[PlyCount "123"]
[EventDate "1998.11.10"]
[EventType "team-tourn"]
[EventRounds "9"]
[EventCountry "GER"]
[SourceTitle "EXT 2020"]
[Source "ChessBase"]
[SourceDate "2019.10.17"]
[SourceVersion "1"]
[SourceVersionDate "2019.10.17"]
[SourceQuality "1"]
[WhiteTeam "Krumbach"]
[BlackTeam "Starnberg SC"]
[WhiteTeamCountry "GER"]
[BlackTeamCountry "GER"]

1. Nf3 Nf6 2. g3 e6 3. Bg2 c5 4. 0-0 Nc6 5. c4 Be7 6. d4 cxd4 7. Nxd4 0-0 8. Nc3 a6 9. b3 Qc7 10. Bb2 Rb8 11. Rc1 Nxd4 12. Qxd4 Qc5 13. Qxc5 Bxc5 14. Na4 Be7 15. c5 Ne8 16. Be5 d6 17. cxd6 Bxd6 18. Bxd6 Nxd6 19. Nb6 Rd8 20. Rfd1 Kf8 21. Rd2 Ke7 22. Rcd1 f6 23. Rc1 Ne8 24. Rxc8 Rbxc8 25. Nxc8+ Rxc8 26. Bxb7 Rc1+ 27. Kg2 a5 28. Ba6 Rc7 29. Kf3 g6 30. e3 Nd6 31. Bd3 Kd7 32. h4 Rc5 33. Ke2 Kc7 34. Rc2 Kb6 35. Kd2 Rd5 36. Kc3 Nb5+ 37. Bxb5 Kxb5 38. Rd2 Rc5+ 39. Kb2 Rf5 40. f4 g5 41. a4+ Kb6 42. Rd6+ Kc5 43. Ra6 e5 44. Rxa5+ Kc6 45. hxg5 fxg5 46. e4 Rf7 47. Rxe5 gxf4 48. gxf4 Rxf4 49. Kc3 h5 50. Rxh5 Rxe4 51. b4 Kb6 52. Rd5 Rg4 53. Rd6+ Kb7 54. Rd4 Rg6 55. b5 Kb6 56. Kb4 Rg1 57. a5+ Kb7 58. Rd7+ Kc8 59. Rd6 Kb7 60. a6+ Ka7 61. Rd7+ Kb8 62. Kc5 1-0

[Event "Landesliga Sued 9798"]
[Site "Bayern"]
[Date "1998.03.29"]
[Round "8.3"]
[White "Ploehn, Heiko"]
[Black "Wehr, Stephan"]
[Result "1/2-1/2"]
[WhiteElo "2160"]
[BlackElo "2180"]
[PlyCount "105"]
[EventDate "1997.10.19"]
[EventType "team-tourn"]
[EventRounds "9"]
[EventCountry "GER"]
[SourceTitle "EXT 2020"]
[Source "ChessBase"]
[SourceDate "2019.10.17"]
[SourceVersion "1"]
[SourceVersionDate "2019.10.17"]
[SourceQuality "1"]
[WhiteTeam "Landshut"]
[BlackTeam "Starnberg SC"]
[WhiteTeamCountry "GER"]
[BlackTeamCountry "GER"]

1. d4 g6 2. e4 Bg7 3. Nc3 c6 4. Be3 d5 5. f3 Nf6 6. Qd2 dxe4 7. Nxe4 Nbd7 8. Bh6 Bxh6 9. Qxh6 Qa5+ 10. c3 Qh5 11. Qe3 Nxe4 12. fxe4 Nf6 13. Bd3 Bg4 14. Nf3 Bxf3 15. gxf3 Qh4+ 16. Kd2 Nh5 17. Rad1 0-0 18. Kc2 e6 19. Rdg1 Qf4 20. Qe2 Qc7 21. Rg4 c5 22. d5 exd5 23. exd5 a6 24. Qd2 b5 25. Qh6 Qe5 26. Rg5 Qg7 27. Rxh5 c4 28. Be4 f5 29. Qxg7+ Kxg7 30. Rg5 fxe4 31. fxe4 Rf2+ 32. Kc1 Kf6 33. h4 Rf8 34. Rd1 Ke7 35. Re5+ Kd7 36. d6 R8f7 37. Rc5 Ke6 38. Rc8 Re2 39. Rc7 Rd7 40. Rxd7 Kxd7 41. Rd4 Rh2 42. e5 Re2 43. Rd5 h6 44. Rc5 g5 45. hxg5 hxg5 46. a4 bxa4 47. Rc7+ Kd8 48. Rxc4 a3 49. bxa3 Rxe5 50. Rd4 Kd7 51. c4 g4 52. Rxg4 Kxd6 53. Rg6+ 1/2-1/2